Regional (Record no. 79080)

MARC details
000 -LEADER
fixed length control field 00743cab a22002055a 4500
001 - CONTROL NUMBER
control field L139746
008 - FIXED-LENGTH DATA ELEMENTS--GENERAL INFORMATION
fixed length control field 070807e20070803xxko f 000 0 eng d
035 ## - SYSTEM CONTROL NUMBER
System control number (Sirsi) u139746
041 0# - LANGUAGE CODE
Language code of text/sound track or separate title eng
100 1# - MAIN ENTRY--PERSONAL NAME
Personal name Stockdale, Lydia
245 00 - TITLE STATEMENT
Title Regional
Remainder of title London boroughs south and south Thames riverside
260 ## - PUBLICATION, DISTRIBUTION, ETC.
Date of publication, distribution, etc. 2007
490 #0 - SERIES STATEMENT
Series statement Property Week
Volume/sequential designation 72(31) 3 August 2007, 77-86(6)
520 ## - SUMMARY, ETC.
Summary, etc. Reports on Treasury Holdings' plans to redevelop Battersea Power Station, the trend for refurbishing office space in Richmond, and riverfront residential development in Deptford.
590 ## - LOCAL NOTE (RLIN)
Local note KA
651 #4 - SUBJECT ADDED ENTRY--GEOGRAPHIC NAME
Geographic name South Thames
651 #4 - SUBJECT ADDED ENTRY--GEOGRAPHIC NAME
Geographic name London Boroughs South
690 ## - LOCAL SUBJECT ADDED ENTRY--TOPICAL TERM (OCLC, RLIN)
Topical term or geographic name as entry element PROPERTY-COMMERCIAL PROPERTY-COMMERCIAL PROPERTY MARKET
942 ## - ADDED ENTRY ELEMENTS (KOHA)
Suppress in OPAC 0
Holdings
Withdrawn status Lost status Source of classification or shelving scheme Damaged status Not for loan Home library Current library Shelving location Date acquired Total Checkouts Full call number Barcode Date last seen Copy number Price effective from Koha item type
    Dewey Decimal Classification     London London Journal article 07/08/2007   L139746 139746-1001 06/08/2019 1 06/08/2019 Journal article